| 000 | 00363 a2200169 4500 | ||
|---|---|---|---|
| 001 | 188418 | ||
| 020 | _a85-08-09763-8 | ||
| 040 | _cMagnum | ||
| 100 | _aCadier, Florence | ||
| 240 | 1 | 0 |
_aEntre duas casas _lpor |
| 245 | 1 | 0 | _aEntre duas casas |
| 300 | _a103 | ||
| 362 | 0 | _a2005 | |
| 440 | 1 | _aÁtica | |
| 697 | _aPSICOLOGIA E DISCIPLINAS AFINS | ||
| 942 | _cBK | ||
| 999 |
_c188418 _d188418 |
||